| 000 | 00433nam a2200205Ia 4500 | ||
|---|---|---|---|
| 001 | 13139 | ||
| 003 | GE_BSU | ||
| 008 | 181216s||||||||xx |||||||||||||| ||und|| | ||
| 020 | _a9780330434195 | ||
| 040 | _cGE_BSU | ||
| 080 | _a821.111-312.4 | ||
| 100 | _aJames,Peter. | ||
| 245 | _aDead simple. | ||
| 260 | _aLondon. | ||
| 260 | _bPan Books. | ||
| 260 | _c2005 | ||
| 300 | _a468p;18cm. | ||
| 653 | _aDead simple. | ||
| 942 | _cBK | ||
| 999 |
_c46303 _d46303 |
||